00279nam a2200121Ia 4500008004100000100001500041245002700056260002900083300000900112650001200121942000700133999001700140190216s9999||||xx |||||||||||||| ||und|| aBhatt P Cp 0aFundamental Algorithms bNarosha Publishingc1968 a635p aPhysics cBK c33316d33316